Cámara AQP : (Registro nro. 22195)
[ vista simple ]
| 000 -Cabecera | |
|---|---|
| Campo de control interno | 00764nam a2200241Ia 4500 |
| 005 - Fecha y hora del registro | |
| control field | 20260407123505.0 |
| 008 - Elementos de Longitud Fija | |
| fixed length control field | 260407s9999||||xx |||||||||||||| ||und|| |
| 041 ## - Idioma | |
| Codigo Idioma | ESP |
| 082 ## - DEWEY y NOTACIÓN INTERNA | |
| Dewey | HR 330 SET 2025 |
| Notación Interna | CA |
| 100 ## - AUTOR | |
| Autor denominación | , |
| 110 ## - AUTOR INSTTITUCIONAL | |
| Autor Institucional | Cámara de Comercio e Industria de Arequipa |
| 245 #0 - TÍTULO DE MATERIAL BIBLIOGRÁFICO | |
| Título | Cámara AQP : |
| Título paralelo | revista institucional de la Cámara de Comercio e Industria de Arequipa |
| 260 ## - CIUDAD, EDITORIAL, AÑO | |
| Ciudad | Arequipa : |
| Nombre de la Editorial | Cámara de Comercio e Industria de Arequipa, |
| Año | 2025 |
| 300 ## - DESCRIPCIÓN | |
| N° Páginas | 102 páginas : |
| Dimensiones | 30 cm. |
| Otros detalles | ; |
| 440 ## - MENCIÓN DE SERIE | |
| Título de la Serie | ; |
| 650 ## - TEMAS | |
| Temas | Ciencias Sociales |
| 653 ## - DESCRIPTORES | |
| Lenguajes no controlado | Economía - Revista |
| 654 ## - PROGRAMAS | |
| Programa | Dpto. de Administración de Negocios |
| 700 ## - OTROS AUTORES | |
| Otros autores | ; |
| 856 ## - URL - UBICACIÓN | |
| URI/URL: Enlace exacto del recurso | <a href="https://actualidadempresarial.pe/">https://actualidadempresarial.pe/</a> |
| Nota pública: Versión digital | <a href="Véase además: Revista Actualidad Empresarial">Véase además: Revista Actualidad Empresarial</a> |
| 942 ## - ELEMENTOS DE KOHA | |
| Tipo de documento | Revista |
| Nombre del creador | Justo Noguera |
| Código de catalogador | Margarita Torres |
| Esquema de clasificación | Dewey Decimal Classification |
| Suppress in OPAC | No |
| Codigo completo | Registro | Colección | Copia número | Disponibilidad | Tipo de préstamo | Biblioteca Actual | Procedencia (Biblioteca) | Ubicacón | Fecha Ingreso | Tipo de Adquisición | Date last seen | Total checkouts | Price effective from | Tipo de Item | Estado del Material | Fuente de Clasificación | Damaged status | Withdrawn status |
|---|---|---|---|---|---|---|---|---|---|---|---|---|---|---|---|---|---|---|
| HR 330 SET 2025 CA | 1085305 | Universidad Católica San Pablo | 1 | Disponible | Disponible | Víctor Andrés Belaunde | Víctor Andrés Belaunde | Planta baja abierta | 07/04/2026 | Suscripción | 07/04/2026 | 07/04/2026 | Revista | Bueno | Dewey Decimal Classification |




